La ideología dominante

Đã lưu trong:
Chi tiết về thư mục
Tác giả chính: Limoeiro Cardoso, Miriam
Định dạng: Texto
Được phát hành: México D.F.: Siglo XXI
Các nhãn: Thêm thẻ
Không có thẻ, Là người đầu tiên thẻ bản ghi này!

MARC

LEADER 00000 a a2200000 04500
001 22543
003
040
090 |a 154100  
100 |a Limoeiro Cardoso, Miriam  
245 |a La ideología dominante  
260 |a México D.F.:   |b Siglo XXI  
300 |a 298 p.  
999 |c 13532  |d 13532